000 00578nam a2200205Ia 4500
005 20250326142326.0
008 250326s9999 xx 000 0 und d
020 _a0-02-421932-0
037 _aTextbook
040 _aFMSL
_beng
_cFMSL
041 _aeng
_2eng
084 _aX:51:f N3
_qFMSL
100 _aTull Donald S
245 0 _aMarketing research :Measurment & method
_cTull Donald S; Hawkins Del I
250 _a6
260 _aNew Delhi
_bNew Delhi, Prentice Hall
_c1993
300 _axviii,926
942 _cTB
_hX:51:f N3
999 _c1294490
_d1294490